00548nam a2200193Ia 450000500170000000800410001702000180005804000180007604100080009408200230010210000170012524500450014225000120018726000440019930000220024365000410026565000290030665000190033520230516151115.0210716s2009 xx 000 0 und d a9788131509616 cAIMIT LIBRARY aeng a004.6005 21bSKLJ aSklar, Joel. aTextbook of web design /cBy Joel Sklar. a1st ed. aNew Delhi :bCengage Learning ,c2009. a391bPBc23.5 cm. aUnderstanding web design environment aPlanning site navigation aWeb typography